[Event "Oberliga Ost A 2023 2024"]
[Site "?"]
[Date "2024.02.24"]
[Round "6.3"]
[Board "3"]
[White "Windelband, Jens"]
[Black "Kitze, Alexander"]
[Result "1/2-1/2"]
[WhiteElo "2019"]
[BlackElo "2299"]
[PlyCount "107"]
[EventDate "2023.10.22"]
[EventType "team-tourn"]
[EventCountry "GER"]
[WhiteTeam "Magdeburg SG Aufbau Elbe II"]
[BlackTeam "Dresden SG Gruen Weiss"]
[WhiteTeamCountry "GER"]
[BlackTeamCountry "GER"]

1. e4 c5 2. c3 Nf6 3. e5 Nd5 4. d4 cxd4 5. Nf3 e6 6. cxd4 d6 7. exd6 Bxd6 8. Nc3 Nxc3 9. bxc3 O-O 10. Bd3 Nd7 11. O-O Qc7 12. Qc2 h6 13. Re1 b6 14. h3 Bb7 15. Nd2 Rac8 16. Bb2 e5 17. c4 exd4 18. Bxd4 Be5 19. Bxe5 Nxe5 20. Bf1 Ng6 21. Rac1 Rcd8 22. Nb3 Qf4 23. Re3 h5 24. Qe2 Qf5 25. c5 Nf4 26. Qb5 Qd5 27. Rf3 g5 28. h4 Ne6 29. Rd3 Qe5 30. Rxd8 Rxd8 31. c6 Qxb5 32. Bxb5 Bc8 33. hxg5 Nxg5 34. Be2 h4 35. Rc4 h3 36. g3 Kf8 37. f4 Ne6 38. Kh2 Ba6 39. Rc2 Bxe2 40. Rxe2 Rc8 41. Rc2 Ke7 42. Kxh3 Kd6 43. f5 Nc5 44. Kg4 Kxc6 45. Kg5 Kd5 46. Nxc5 bxc5 47. Kf6 Rc7 48. g4 c4 49. g5 Kd4 50. g6 fxg6 51. fxg6 Kd3 52. Rg2 Rc6+ 53. Ke7 Rc7+ 54. Kf6 1/2-1/2

[Event "Oberliga Ost A 2023 2024"]
[Site "?"]
[Date "2024.02.24"]
[Round "6.3"]
[Board "4"]
[White "Genkin, Michael"]
[Black "Koenig, Marco"]
[Result "1/2-1/2"]
[WhiteElo "2250"]
[BlackElo "2085"]
[PlyCount "61"]
[EventDate "2023.10.22"]
[EventType "team-tourn"]
[EventCountry "GER"]
[WhiteTeam "Dresden SG Gruen Weiss"]
[BlackTeam "Magdeburg SG Aufbau Elbe II"]
[WhiteTeamCountry "GER"]
[BlackTeamCountry "GER"]

1. c4 e6 2. Nf3 d5 3. g3 Nf6 4. Bg2 c5 5. O-O Nc6 6. d4 Be7 7. cxd5 exd5 8. b3 Ne4 9. Bb2 Bf6 10. Na3 O-O 11. Nc2 Be6 12. Ne5 Qc7 13. Nxc6 bxc6 14. Qc1 Rac8 15. f3 Nd6 16. dxc5 Bxb2 17. Qxb2 Nf5 18. f4 Rfe8 19. Qc3 Rb8 20. Rfe1 Rbd8 21. Rad1 h5 22. e3 Nh6 23. Nd4 Bd7 24. h3 Nf5 25. Kf2 Qc8 26. Nxf5 Bxf5 27. Rh1 Re7 28. Bf3 Rde8 29. Rde1 Be4 30. g4 Bxf3 31. Kxf3 1/2-1/2

[Event "Oberliga Ost A 2023 2024"]
[Site "?"]
[Date "2024.02.24"]
[Round "6.3"]
[Board "5"]
[White "von Angern, Cedric"]
[Black "Siedentopf, Daniel"]
[Result "1-0"]
[WhiteElo "1885"]
[BlackElo "2235"]
[PlyCount "101"]
[EventDate "2023.10.22"]
[EventType "team-tourn"]
[EventCountry "GER"]
[WhiteTeam "Magdeburg SG Aufbau Elbe II"]
[BlackTeam "Dresden SG Gruen Weiss"]
[WhiteTeamCountry "GER"]
[BlackTeamCountry "GER"]

1. e4 e5 2. Nf3 Nc6 3. Bc4 Nf6 4. Ng5 d5 5. exd5 Na5 6. Bb5+ Bd7 7. Qe2 Bd6 8. Nc3 c6 9. dxc6 Nxc6 10. Nge4 Be7 11. Nxf6+ gxf6 12. d3 Nd4 13. Bxd7+ Qxd7 14. Qd1 Rg8 15. Ne2 Rxg2 16. Nxd4 exd4 17. Qf3 Rg6 18. Bd2 O-O-O 19. O-O-O Kb8 20. Bf4+ Ka8 21. Qh5 f5 22. Qxh7 Ra6 23. a3 Rb6 24. Rde1 Bf6 25. Rhg1 Qb5 26. b3 Qa5 27. Qxf7 Qxa3+ 28. Kd1 Ra6 29. Rg8 Qb2 30. Rxd8+ Bxd8 31. Qd7 Ra1+ 32. Ke2 Rxe1+ 33. Kxe1 Qb1+ 34. Ke2 Qxc2+ 35. Bd2 Qc7 36. Qxc7 Bxc7 37. h4 b6 38. Kf3 Be5 39. Bf4 Bf6 40. Bg5 Be5 41. Be7 Kb7 42. Bf8 Kc6 43. h5 Kd5 44. h6 Ke6 45. Bg7 Bxg7 46. hxg7 Kf7 47. Kf4 a5 48. Kxf5 b5 49. Ke5 Kxg7 50. Kxd4 Kf6 51. Kc5 1-0

[Event "Oberliga Ost A 2023 2024"]
[Site "?"]
[Date "2024.02.24"]
[Round "6.3"]
[Board "6"]
[White "Kaiser, Dieter"]
[Black "Morgenstern, Tobias"]
[Result "1-0"]
[WhiteElo "2218"]
[BlackElo "1876"]
[PlyCount "91"]
[EventDate "2023.10.22"]
[EventType "team-tourn"]
[EventCountry "GER"]
[WhiteTeam "Dresden SG Gruen Weiss"]
[BlackTeam "Magdeburg SG Aufbau Elbe II"]
[WhiteTeamCountry "GER"]
[BlackTeamCountry "GER"]

1. d4 Nf6 2. Nf3 c5 3. d5 d6 4. c4 g6 5. Nc3 Bf5 6. Nd2 Qa5 7. f3 Bg7 8. e4 Bd7 9. Nb3 Qc7 10. Be3 O-O 11. Qd2 Rd8 12. Be2 a6 13. a4 e6 14. O-O exd5 15. cxd5 Re8 16. Qd3 Bc8 17. Nd2 Qe7 18. Nc4 Nfd7 19. Qd2 Ne5 20. Nb6 Ra7 21. Rfe1 Ned7 22. Nc4 Ne5 23. a5 Nxc4 24. Bxc4 Nd7 25. Bf1 Ra8 26. Rab1 Ne5 27. h3 Qh4 28. f4 Nd7 29. Bf2 Qd8 30. Na4 b5 31. axb6 Nxb6 32. Nxb6 Qxb6 33. b4 Bd4 34. bxc5 Bxf2+ 35. Qxf2 Qxc5 36. Qxc5 dxc5 37. Rbc1 Bb7 38. Rxc5 Rad8 39. Rb1 Rd7 40. Bd3 Kg7 41. Rb6 h6 42. Kf2 h5 43. Bc2 Rc8 44. Rxc8 Bxc8 45. d6 Kf6 46. Ba4 1-0

[Event "Oberliga Ost A 2023 2024"]
[Site "?"]
[Date "2024.02.24"]
[Round "6.3"]
[Board "7"]
[White "Marnyuk, Serhiy"]
[Black "Butscher, Daniel"]
[Result "0-1"]
[WhiteElo "1720"]
[BlackElo "2124"]
[PlyCount "90"]
[EventDate "2023.10.22"]
[EventType "team-tourn"]
[EventCountry "GER"]
[WhiteTeam "Magdeburg SG Aufbau Elbe II"]
[BlackTeam "Dresden SG Gruen Weiss"]
[WhiteTeamCountry "GER"]
[BlackTeamCountry "GER"]

1. d4 Nf6 2. Bf4 d5 3. e3 c5 4. c3 Nc6 5. Bd3 Qb6 6. Qc2 c4 7. Be2 Bf5 8. Qc1 e6 9. Nf3 Be7 10. Nbd2 Qd8 11. h3 h6 12. Ne5 Nxe5 13. Bxe5 O-O 14. O-O b5 15. Bf3 Bd6 16. Bxd6 Qxd6 17. a3 Rab8 18. Re1 Qc6 19. Qd1 Rfc8 20. Be2 a5 21. Nf3 Ne4 22. Ne5 Qb7 23. Bh5 Rc7 24. Bf3 Nd6 25. Bg4 Be4 26. Be2 b4 27. axb4 axb4 28. Qa4 bxc3 29. bxc3 f6 30. Nf3 Qb3 31. Qa5 Qb6 32. Qa3 Rbb7 33. Qc1 Ra7 34. Nd2 Rxa1 35. Qxa1 Ra7 36. Qc1 Bg6 37. Bg4 Kf7 38. Bf3 Ra2 39. Nf1 Qa5 40. Qd1 Qxc3 41. Bh5 Bxh5 42. Qxh5+ g6 43. Qxh6 Qxe1 44. Qh7+ Kf8 45. Qh8+ Ke7 0-1

[Event "Oberliga Ost A 2023 2024"]
[Site "?"]
[Date "2024.02.24"]
[Round "6.3"]
[Board "8"]
[White "Schnoor, Ekkehard"]
[Black "Petzold, Johannes Julius"]
[Result "1-0"]
[WhiteElo "2096"]
[BlackElo "1636"]
[PlyCount "89"]
[EventDate "2023.10.22"]
[EventType "team-tourn"]
[EventCountry "GER"]
[WhiteTeam "Dresden SG Gruen Weiss"]
[BlackTeam "Magdeburg SG Aufbau Elbe II"]
[WhiteTeamCountry "GER"]
[BlackTeamCountry "GER"]

1. e4 c5 2. Nf3 Nc6 3. d3 g6 4. g3 Bg7 5. Bg2 e5 6. O-O Nge7 7. Nc3 O-O 8. Nd2 d6 9. Nc4 Nd4 10. Ne3 f5 11. exf5 Nexf5 12. Ne4 Be6 13. Nxf5 Bxf5 14. c3 Nc6 15. Qb3+ Kh8 16. Qxb7 Na5 17. Qd5 Bxe4 18. Bxe4 Rb8 19. h4 Qc7 20. Kg2 c4 21. h5 gxh5 22. Rh1 Qf7 23. Qxf7 Rxf7 24. dxc4 Nxc4 25. b3 Nb6 26. c4 Nd7 27. Rxh5 Nf6 28. Bg6 Re7 29. Rh1 Kg8 30. Bf5 e4 31. Ba3 Rd8 32. Rad1 Re5 33. g4 Bf8 34. Bb2 Rde8 35. Bxe5 Rxe5 36. Bc8 Rg5 37. f4 exf3+ 38. Kxf3 Ra5 39. Be6+ Kg7 40. Rd2 Re5 41. Re2 Rg5 42. Kf4 Ra5 43. g5 Ng8 44. Reh2 Kh8 45. Rxh7# 1-0

[Event "Oberliga Ost A 2023 2024"]
[Site "?"]
[Date "2024.02.24"]
[Round "6.4"]
[Board "2"]
[White "Hassemeier, Mika"]
[Black "Matthey, Harald"]
[Result "1-0"]
[WhiteElo "2078"]
[BlackElo "2086"]
[PlyCount "41"]
[EventDate "2023.10.22"]
[EventType "team-tourn"]
[EventCountry "GER"]
[WhiteTeam "Hoyerswerda FVS ASP"]
[BlackTeam "Dessau SK"]
[WhiteTeamCountry "GER"]
[BlackTeamCountry "GER"]

1. d4 a6 2. e4 e6 3. Bd3 d5 4. Nd2 dxe4 5. Nxe4 Nf6 6. Nxf6+ Qxf6 7. Nf3 h6 8. Qe2 Bd6 9. Bd2 Nd7 10. O-O-O b5 11. Be4 Rb8 12. g3 O-O 13. h4 Re8 14. g4 g6 15. Bxh6 e5 16. Bg5 Qe6 17. d5 Qxg4 18. h5 Nc5 19. Rh4 Qd7 20. hxg6 f5 21. Bf6 1-0

[Event "Oberliga Ost A 2023 2024"]
[Site "?"]
[Date "2024.02.24"]
[Round "6.4"]
[Board "3"]
[White "Mirschinka, Dirk"]
[Black "Boehm, Robert"]
[Result "0-1"]
[WhiteElo "2170"]
[BlackElo "2152"]
[PlyCount "66"]
[EventDate "2023.10.22"]
[EventType "team-tourn"]
[EventCountry "GER"]
[WhiteTeam "Dessau SK"]
[BlackTeam "Hoyerswerda FVS ASP"]
[WhiteTeamCountry "GER"]
[BlackTeamCountry "GER"]

1. Nf3 d5 2. g3 Nf6 3. Bg2 c6 4. d3 Bg4 5. Ne5 Bf5 6. O-O e6 7. c4 Be7 8. Qb3 Qb6 9. Be3 Qxb3 10. axb3 a6 11. h3 h6 12. Nc3 Nbd7 13. f4 Bh7 14. Nf3 O-O 15. Bf2 Rfd8 16. Nd2 Bf8 17. g4 Bd6 18. f5 Re8 19. fxe6 fxe6 20. e4 dxe4 21. Ndxe4 Nxe4 22. Nxe4 Be7 23. Bd4 Rad8 24. Rae1 e5 25. Be3 Nf8 26. Rd1 Ne6 27. Rfe1 Rd7 28. Nf2 Bc5 29. Be4 Red8 30. Bxh7+ Kxh7 31. Bxc5 Nxc5 32. Rxe5 Nxd3 33. Rb1 Nxe5 0-1

[Event "Oberliga Ost A 2023 2024"]
[Site "?"]
[Date "2024.02.24"]
[Round "6.4"]
[Board "4"]
[White "Jahnel, Guenther"]
[Black "Schubert, Ralf"]
[Result "1-0"]
[WhiteElo "2171"]
[BlackElo "2088"]
[PlyCount "103"]
[EventDate "2023.10.22"]
[EventType "team-tourn"]
[EventCountry "GER"]
[WhiteTeam "Hoyerswerda FVS ASP"]
[BlackTeam "Dessau SK"]
[WhiteTeamCountry "GER"]
[BlackTeamCountry "GER"]

1. d4 Nf6 2. Nc3 d5 3. Bg5 Nbd7 4. Nf3 g6 5. e3 Bg7 6. Be2 O-O 7. h3 c6 8. O-O Re8 9. Bf4 Nb6 10. a4 Be6 11. Ne5 Nfd7 12. Nd3 f6 13. Bg3 Bf7 14. Nb1 e5 15. c3 Nc4 16. Nd2 Nd6 17. Re1 Qe7 18. Bf1 e4 19. Nc1 f5 20. b4 g5 21. Ndb3 Nf8 22. Na5 Rad8 23. Ncb3 Ng6 24. Rc1 f4 25. Bh2 Rc8 26. c4 dxc4 27. Nxc4 Nxc4 28. Bxc4 Qxb4 29. Bxf7+ Kxf7 30. Rb1 b6 31. Qg4 fxe3 32. fxe3 Qe7 33. Rf1+ Kg8 34. Rf5 h6 35. Rbf1 Rf8 36. Nd2 Rce8 37. Nc4 Qe6 38. Nd6 Rxf5 39. Nxf5 Kh7 40. Rc1 Bf8 41. Bg3 Ba3 42. Rc3 Bb4 43. Rc2 Qd5 44. Bf2 Ne7 45. Qh5 Nxf5 46. Qxe8 c5 47. Qb5 Qb3 48. Rc1 Nxe3 49. dxc5 bxc5 50. Qb7+ Kg8 51. Qxe4 Bd2 52. Rb1 1-0

[Event "Oberliga Ost A 2023 2024"]
[Site "?"]
[Date "2024.02.24"]
[Round "6.4"]
[Board "5"]
[White "Erler, Rainer"]
[Black "Kregelin, Jan"]
[Result "1/2-1/2"]
[WhiteElo "2140"]
[BlackElo "2104"]
[PlyCount "32"]
[EventDate "2023.10.22"]
[EventType "team-tourn"]
[EventCountry "GER"]
[WhiteTeam "Dessau SK"]
[BlackTeam "Hoyerswerda FVS ASP"]
[WhiteTeamCountry "GER"]
[BlackTeamCountry "GER"]

1. e4 c5 2. Nc3 Nc6 3. g3 g6 4. Bg2 Bg7 5. Nh3 d6 6. O-O e6 7. f4 Nge7 8. d3 O-O 9. g4 f5 10. Nf2 fxg4 11. Nxg4 e5 12. fxe5 Nxe5 13. Nxe5 Bxe5 14. Bg5 Be6 15. Qd2 Qd7 16. Bh6 Bd4+ 1/2-1/2

[Event "Oberliga Ost A 2023 2024"]
[Site "?"]
[Date "2024.02.24"]
[Round "6.4"]
[Board "6"]
[White "Wolf, Andreas"]
[Black "Ozeran, Volodymyr"]
[Result "0-1"]
[WhiteElo "2044"]
[BlackElo "2074"]
[PlyCount "66"]
[EventDate "2023.10.22"]
[EventType "team-tourn"]
[EventCountry "GER"]
[WhiteTeam "Hoyerswerda FVS ASP"]
[BlackTeam "Dessau SK"]
[WhiteTeamCountry "GER"]
[BlackTeamCountry "GER"]

1. d4 d5 2. Nf3 Nf6 3. c4 e6 4. g3 c5 5. Bg2 Nc6 6. O-O Be7 7. cxd5 Nxd5 8. Nc3 Nxc3 9. bxc3 O-O 10. Rb1 Qc7 11. Qc2 Rb8 12. Ng5 g6 13. Ne4 cxd4 14. cxd4 Qa5 15. Rd1 Rd8 16. Bf4 Ra8 17. Qc4 a6 18. Nc5 Ra7 19. e3 g5 20. Nb3 Qb5 21. Qxb5 axb5 22. Bc7 Rd7 23. Bb6 Ra6 24. Bc5 Rxa2 25. Bxe7 Rxe7 26. Nc5 Na7 27. Ra1 Rxa1 28. Rxa1 b6 29. Ne4 Rc7 30. Nf6+ Kh8 31. d5 exd5 32. Nxd5 Rc5 33. Rxa7 Rc1+ 0-1

[Event "Oberliga Ost A 2023 2024"]
[Site "?"]
[Date "2024.02.24"]
[Round "6.4"]
[Board "7"]
[White "Leibovitch, Iziaslav"]
[Black "Heyme, Sibylle"]
[Result "1-0"]
[WhiteElo "2082"]
[BlackElo "1996"]
[PlyCount "53"]
[EventDate "2023.10.22"]
[EventType "team-tourn"]
[EventCountry "GER"]
[WhiteTeam "Dessau SK"]
[BlackTeam "Hoyerswerda FVS ASP"]
[WhiteTeamCountry "GER"]
[BlackTeamCountry "GER"]

1. Nf3 Nf6 2. g3 g6 3. Bg2 Bg7 4. O-O O-O 5. d3 d5 6. Nbd2 c5 7. e4 Nc6 8. Re1 e6 9. c3 b6 10. Qc2 Bb7 11. a3 Rc8 12. Nf1 Qd7 13. e5 Ne8 14. Bf4 Nc7 15. h4 b5 16. N1h2 d4 17. Ng4 Nd5 18. Bh6 Bxh6 19. Nxh6+ Kh8 20. Qd2 f5 21. exf6 Rxf6 22. Ng4 Rf5 23. c4 bxc4 24. dxc4 Nb6 25. Nfe5 Qe7 26. f4 Na5 27. Qxa5 1-0

[Event "Oberliga Ost A 2023 2024"]
[Site "?"]
[Date "2024.02.24"]
[Round "6.4"]
[Board "8"]
[White "Schuh, Ruediger"]
[Black "Schaefer, Toni"]
[Result "1-0"]
[WhiteElo "2005"]
[BlackElo "1420"]
[PlyCount "61"]
[EventDate "2023.10.22"]
[EventType "team-tourn"]
[EventCountry "GER"]
[WhiteTeam "Hoyerswerda FVS ASP"]
[BlackTeam "Dessau SK"]
[WhiteTeamCountry "GER"]
[BlackTeamCountry "GER"]

1. c4 g6 2. Nc3 c5 3. g3 Bg7 4. Bg2 Nc6 5. e3 e6 6. Nge2 Nge7 7. O-O O-O 8. Rb1 d5 9. d3 dxc4 10. dxc4 Qc7 11. a3 Rd8 12. Qc2 b6 13. b4 cxb4 14. axb4 Bb7 15. c5 Ne5 16. e4 bxc5 17. Nb5 Qc6 18. bxc5 Nd3 19. Be3 Nf5 20. Bc1 Nxc1 21. Rfxc1 Bh6 22. Rd1 e5 23. Rxd8+ Rxd8 24. Nxa7 Qa6 25. c6 Qxa7 26. cxb7 Nd6 27. Qc7 Qb8 28. Qe7 Re8 29. Qd7 Bg5 30. Nc3 Re7 31. Qxd6 1-0

[Event "Oberliga Ost A 2023 2024"]
[Site "?"]
[Date "2024.02.24"]
[Round "6.5"]
[Board "2"]
[White "Post, Hugo"]
[Black "Haufe, Laurin"]
[Result "0-1"]
[WhiteElo "2202"]
[BlackElo "2148"]
[PlyCount "74"]
[EventDate "2023.10.22"]
[EventType "team-tourn"]
[EventCountry "GER"]
[WhiteTeam "Loeberitz SG"]
[BlackTeam "Leipzig SG"]
[WhiteTeamCountry "GER"]
[BlackTeamCountry "GER"]

1. e4 c6 2. d4 d5 3. exd5 cxd5 4. Bd3 Nc6 5. c3 Nf6 6. h3 g6 7. Nf3 Bf5 8. Bxf5 gxf5 9. Ne5 e6 10. Bf4 Bd6 11. Nd2 Bxe5 12. dxe5 Nd7 13. Nf3 Qc7 14. O-O O-O-O 15. Re1 Nc5 16. Nd4 Kb8 17. Nb5 Qe7 18. b4 Ne4 19. f3 Qh4 20. fxe4 Qxf4 21. exf5 Qxf5 22. Nd6 Qg6 23. a4 Rhg8 24. Ra2 f6 25. c4 fxe5 26. c5 Nxb4 27. Rb2 Rxd6 28. cxd6 Nd3 29. Ree2 Nxb2 30. Rxb2 Qg7 31. Rc2 e4 32. Qf1 Qd7 33. Qf4 Rd8 34. Qh6 Qxa4 35. Rc7 Qd1+ 36. Kf2 Qd4+ 37. Kf1 e3 0-1

[Event "Oberliga Ost A 2023 2024"]
[Site "?"]
[Date "2024.02.24"]
[Round "6.5"]
[Board "3"]
[White "Richter, Leonard"]
[Black "Pallas, Sebastian"]
[Result "1/2-1/2"]
[WhiteElo "2256"]
[BlackElo "2209"]
[PlyCount "81"]
[EventDate "2023.10.22"]
[EventType "team-tourn"]
[EventCountry "GER"]
[WhiteTeam "Leipzig SG"]
[BlackTeam "Loeberitz SG"]
[WhiteTeamCountry "GER"]
[BlackTeamCountry "GER"]

1. e4 c6 2. d4 d5 3. Nd2 dxe4 4. Nxe4 Nd7 5. Ng5 Ngf6 6. Bd3 e6 7. N1f3 Bd6 8. Qe2 h6 9. Ne4 Nxe4 10. Qxe4 Nf6 11. Qe2 O-O 12. O-O c5 13. dxc5 Bxc5 14. a3 b6 15. Rd1 Qc7 16. b4 Be7 17. Bb2 Bb7 18. Be5 Qc6 19. Bb5 Qe4 20. Qxe4 Bxe4 21. Nd4 Rfd8 22. f3 Bb7 23. Bc6 Bxc6 24. Nxc6 Rxd1+ 25. Rxd1 Kf8 26. c4 Rc8 27. b5 Bxa3 28. Kf1 Bc5 29. Nxa7 Ra8 30. Ra1 Ne8 31. Ke2 f6 32. Nc6 Rxa1 33. Bxa1 Nd6 34. Kd3 e5 35. g4 g6 36. Bc3 Kf7 37. Nb4 Ke6 38. Nd5 Nxb5 39. Nf4+ exf4 40. cxb5 f5 41. Bg7 1/2-1/2

[Event "Oberliga Ost A 2023 2024"]
[Site "?"]
[Date "2024.02.24"]
[Round "6.5"]
[Board "4"]
[White "Niegsch, Nicolas"]
[Black "Roesemann, Rainer"]
[Result "0-1"]
[WhiteElo "2293"]
[BlackElo "2237"]
[PlyCount "170"]
[EventDate "2023.10.22"]
[EventType "team-tourn"]
[EventCountry "GER"]
[WhiteTeam "Loeberitz SG"]
[BlackTeam "Leipzig SG"]
[WhiteTeamCountry "GER"]
[BlackTeamCountry "GER"]

1. d4 Nf6 2. Nf3 e6 3. Bg5 Be7 4. Nbd2 d5 5. e3 c5 6. c3 Nc6 7. Bd3 Qc7 8. O-O b6 9. Re1 Bb7 10. Rc1 O-O 11. e4 dxe4 12. Nxe4 Qd8 13. Qe2 Nd5 14. dxc5 Bxg5 15. Nexg5 g6 16. Ba6 Bxa6 17. Qxa6 Qc7 18. cxb6 axb6 19. Qc4 b5 20. Qh4 h5 21. a3 Ra4 22. Re4 Nf4 23. c4 Nd3 24. Rc3 Nc5 25. Re1 b4 26. axb4 Rxb4 27. Nd2 Rxb2 28. Nde4 Nxe4 29. Nxe4 Rfb8 30. g3 Rb1 31. Rxb1 Rxb1+ 32. Kg2 Qe5 33. Re3 Qa1 34. Qf4 Rg1+ 35. Kh3 Ne7 36. Nf6+ Kg7 37. Ne8+ Kf8 38. Nd6 Nf5 39. Nxf5 gxf5 40. Rb3 Qf6 41. Rb8+ Kg7 42. Qd6 Kh7 43. c5 Qg7 44. f3 h4 45. Qf4 hxg3 46. Qh4+ Kg6 47. Rh8 gxh2 48. Kxh2 Rc1 49. Qh5+ Kf6 50. Rh6+ Ke5 51. f4+ Kd4 52. Qf3 Kxc5 53. Qe3+ Kb5 54. Qe2+ Kb4 55. Qd2+ Qc3 56. Qd6+ Qc5 57. Qd2+ Kb5 58. Qb2+ Kc6 59. Qg2+ Kd6 60. Rh8 Rc2 61. Rd8+ Ke7 62. Rd2 Rxd2 63. Qxd2 Qd5 64. Qc3 Qd6 65. Qg3 Qd2+ 66. Kh1 Qd1+ 67. Kh2 Qh5+ 68. Kg2 Qg4 69. Kh1 f6 70. Qa3+ Kf7 71. Qa7+ Kg6 72. Qb8 Qd1+ 73. Kh2 Qd7 74. Kg3 Kg7 75. Kh4 e5 76. Kg3 Qd3+ 77. Kh4 exf4 78. Qb7+ Kh6 79. Qf3 Qe4 80. Qh5+ Kg7 81. Qf3 Qe1+ 82. Kh5 Qe8+ 83. Kh4 Qh8+ 84. Qh5 Qxh5+ 85. Kxh5 f3 0-1

[Event "Oberliga Ost A 2023 2024"]
[Site "?"]
[Date "2024.02.24"]
[Round "6.5"]
[Board "5"]
[White "Kalkhof, Stefan"]
[Black "Boehm, Christian"]
[Result "1-0"]
[WhiteElo "2227"]
[BlackElo "2057"]
[PlyCount "157"]
[EventDate "2023.10.22"]
[EventType "team-tourn"]
[EventCountry "GER"]
[WhiteTeam "Leipzig SG"]
[BlackTeam "Loeberitz SG"]
[WhiteTeamCountry "GER"]
[BlackTeamCountry "GER"]

1. d4 Nf6 2. Bg5 g6 3. Bxf6 exf6 4. g3 d5 5. Bg2 h5 6. Nf3 Bd6 7. Nc3 c6 8. e4 dxe4 9. Nxe4 Be7 10. Qd2 Be6 11. h4 Kf8 12. O-O Na6 13. a3 Kg7 14. b4 Bc4 15. Rfd1 Nc7 16. Qc3 Bd5 17. Qd3 b5 18. Ned2 a5 19. bxa5 Rxa5 20. c4 bxc4 21. Nxc4 Ra6 22. a4 Qa8 23. Rdb1 Rxa4 24. Nb6 Qa6 25. Qxa6 Rxa6 26. Rxa6 Nxa6 27. Nxd5 cxd5 28. Rb7 Re8 29. Bf1 Nc5 30. dxc5 Bxc5 31. Rd7 Rb8 32. Rxd5 Rc8 33. Kg2 Bb6 34. Rb5 Rc6 35. Bd3 Rd6 36. Bc4 Rc6 37. Bd5 Rc5 38. Rxb6 Rxd5 39. Rb7 g5 40. Rb4 Kg6 41. Rd4 Ra5 42. Nd2 Ra2 43. Nc4 Ra6 44. Rd6 Ra4 45. Ne5+ Kg7 46. Nf3 Ra5 47. Rd8 Kg6 48. Rg8+ Kh7 49. Re8 Rf5 50. Re4 Kg6 51. Nd4 Rc5 52. Ne2 Ra5 53. Nc3 Rc5 54. Na4 Rb5 55. Rc4 Rd5 56. Nb6 Rd6 57. Nc8 Re6 58. Kf3 Ra6 59. Re4 Ra3+ 60. Kg2 Ra2 61. Re8 Ra5 62. Ne7+ Kh7 63. Rd8 Re5 64. Nd5 Re6 65. f3 Kg7 66. Kf2 Kh7 67. Nc7 Re7 68. Ne8 Kg6 69. Nd6 Ra7 70. Ne4 gxh4 71. gxh4 f5 72. Rd6+ Kg7 73. Ng3 Ra2+ 74. Ke3 Ra3+ 75. Kf4 Ra4+ 76. Kg5 f4 77. Nxh5+ Kh7 78. Rf6 Ra5+ 79. Kg4 1-0

[Event "Oberliga Ost A 2023 2024"]
[Site "?"]
[Date "2024.02.24"]
[Round "6.5"]
[Board "6"]
[White "Mertens, Fridolin"]
[Black "Rausch, Stephan"]
[Result "1/2-1/2"]
[WhiteElo "2149"]
[BlackElo "2259"]
[PlyCount "67"]
[EventDate "2023.10.22"]
[EventType "team-tourn"]
[EventCountry "GER"]
[WhiteTeam "Loeberitz SG"]
[BlackTeam "Leipzig SG"]
[WhiteTeamCountry "GER"]
[BlackTeamCountry "GER"]

1. e4 e6 2. d4 d5 3. exd5 exd5 4. c4 Nf6 5. Bd3 Be7 6. Nf3 Bg4 7. Be3 Nc6 8. Nc3 O-O 9. O-O Nb4 10. Be2 dxc4 11. Bxc4 c6 12. h3 Bh5 13. g4 Bg6 14. Ne5 Nbd5 15. Qb3 Nb6 16. Nxg6 hxg6 17. Bd3 Nfd5 18. a4 Bg5 19. Rae1 Rb8 20. a5 Nxe3 21. fxe3 Nd5 22. Nxd5 cxd5 23. Qa2 Qd6 24. Rf3 Bd8 25. Ref1 Bc7 26. b4 Qxb4 27. Qxd5 Qd2 28. R1f2 Qxd3 29. Rxf7 Rxf7 30. Qxf7+ Kh7 31. Qxc7 Re8 32. Qg3 Rxe3 33. Qh4+ Kg8 34. Qd8+ 1/2-1/2

[Event "Oberliga Ost A 2023 2024"]
[Site "?"]
[Date "2024.02.24"]
[Round "6.5"]
[Board "7"]
[White "Pietzsch, Manuel"]
[Black "Proehl, Holger"]
[Result "0-1"]
[WhiteElo "2077"]
[BlackElo "2329"]
[PlyCount "53"]
[EventDate "2023.10.22"]
[EventType "team-tourn"]
[EventCountry "GER"]
[WhiteTeam "Leipzig SG"]
[BlackTeam "Loeberitz SG"]
[WhiteTeamCountry "GER"]
[BlackTeamCountry "GER"]

1. e4 d5 2. exd5 Nf6 3. Nf3 Nxd5 4. d4 c6 5. c4 Nf6 6. Nc3 Bg4 7. Be3 e6 8. h3 Bh5 9. g4 Bg6 10. Ne5 Nbd7 11. Nxg6 hxg6 12. Bg2 Bd6 13. Qe2 O-O 14. O-O e5 15. d5 cxd5 16. cxd5 a6 17. Rfd1 Qe7 18. Bg5 Rac8 19. Ne4 Nc5 20. Rac1 Ncxe4 21. Bxe4 Qd7 22. Bxf6 gxf6 23. Rxc8 Rxc8 24. Rd3 Rc1+ 25. Kg2 Qb5 26. Qd2 Qc4 27. f3 0-1

[Event "Oberliga Ost A 2023 2024"]
[Site "?"]
[Date "2024.02.24"]
[Round "6.5"]
[Board "8"]
[White "Schindler, Christian"]
[Black "Liedtke, Matthias"]
[Result "1/2-1/2"]
[WhiteElo "2142"]
[BlackElo "2240"]
[PlyCount "44"]
[EventDate "2023.10.22"]
[EventType "team-tourn"]
[EventCountry "GER"]
[WhiteTeam "Loeberitz SG"]
[BlackTeam "Leipzig SG"]
[WhiteTeamCountry "GER"]
[BlackTeamCountry "GER"]

1. d4 Nf6 2. Nf3 g6 3. c4 Bg7 4. Nc3 O-O 5. e4 d6 6. Be2 e5 7. dxe5 dxe5 8. Qxd8 Rxd8 9. Bg5 Re8 10. Nd5 Nxd5 11. cxd5 c6 12. Bc4 b5 13. Bb3 a5 14. dxc6 Nxc6 15. O-O Bg4 16. Bd5 Rac8 17. h3 Bxf3 18. gxf3 Nd4 19. Kg2 Rc2 20. Rac1 Rec8 21. Rxc2 Rxc2 22. Rc1 Rxc1 1/2-1/2

[Event "Oberliga Ost A 2023 2024"]
[Site "?"]
[Date "2024.02.24"]
[Round "6.6"]
[Board "2"]
[White "Heinrich, Thomas"]
[Black "Schiffer, Stefan"]
[Result "1-0"]
[WhiteElo "2182"]
[BlackElo "2201"]
[PlyCount "97"]
[EventDate "2023.10.22"]
[EventType "team-tourn"]
[EventCountry "GER"]
[WhiteTeam "Leipzig VfB"]
[BlackTeam "Leipzig SG II"]
[WhiteTeamCountry "GER"]
[BlackTeamCountry "GER"]

1. Nf3 Nf6 2. g3 d5 3. Bg2 e6 4. O-O Be7 5. d3 O-O 6. Nbd2 b6 7. e4 Bb7 8. Re1 c5 9. e5 Nfd7 10. h4 Nc6 11. Nf1 b5 12. N1h2 Qb6 13. h5 Rae8 14. h6 g6 15. Ng4 Bc8 16. Bg5 Bxg5 17. Nxg5 Ncxe5 18. Rxe5 f6 19. Nxf6+ Rxf6 20. Re2 Qd6 21. d4 Bb7 22. f4 a5 23. c3 b4 24. Bh3 Bc8 25. a3 bxc3 26. bxc3 Nb6 27. dxc5 Qxc5+ 28. Qd4 Qxd4+ 29. cxd4 Nc4 30. a4 Nd6 31. Rc1 Nf5 32. Bxf5 gxf5 33. Rc7 Rxh6 34. Rb2 Ba6 35. Rb6 Bd3 36. Rbb7 Be4 37. Nxh7 Kh8 38. Ng5 Kg8 39. Kf2 e5 40. fxe5 Rf8 41. Nh7 f4 42. Nf6+ Rfxf6 43. exf6 fxg3+ 44. Kxg3 Rg6+ 45. Kf4 Rxf6+ 46. Ke5 Rf8 47. Ra7 Rf5+ 48. Kd6 Rf6+ 49. Kc5 1-0

[Event "Oberliga Ost A 2023 2024"]
[Site "?"]
[Date "2024.02.24"]
[Round "6.6"]
[Board "3"]
[White "Neuhoff, Laertes"]
[Black "Geiling, Christian"]
[Result "1/2-1/2"]
[WhiteElo "1993"]
[BlackElo "2184"]
[PlyCount "56"]
[EventDate "2023.10.22"]
[EventType "team-tourn"]
[EventCountry "GER"]
[WhiteTeam "Leipzig SG II"]
[BlackTeam "Leipzig VfB"]
[WhiteTeamCountry "GER"]
[BlackTeamCountry "GER"]

1. e4 d6 2. d4 Nf6 3. Nc3 g6 4. f4 Bg7 5. Nf3 O-O 6. Bd3 Na6 7. O-O c5 8. d5 Rb8 9. a4 Nb4 10. Bc4 e6 11. dxe6 Bxe6 12. Bxe6 fxe6 13. f5 exf5 14. exf5 gxf5 15. Nh4 Ng4 16. Nxf5 Rxf5 17. Rxf5 Qh4 18. h3 Bd4+ 19. Kh1 Nf2+ 20. Rxf2 Qxf2 21. Ne4 Qxc2 22. Qg4+ Kh8 23. Nxd6 Qg6 24. Qxg6 hxg6 25. Bf4 Rf8 26. Bg3 b6 27. Re1 Nd3 28. Re7 Rf1+ 1/2-1/2